000 00799nam0a22002291 4500
001 rc\2967308
005 20250530000543.0
035 _a(NLR Aleph) 007113688
090 _a6793952
_c6793952
100 _a20110905d1937 |||y0rusy50 ca
101 0 _arus
102 _aRU
105 _ay z |||||
200 1 _aПоложение о выборах в Верховный совет СССР
_eВ вопросах и ответах
_fА.Я. Вышинский
210 _a[Москва]
_cПартиздат
_d1937
_g"Образцовая" тип.
215 _aОбл., 62, [2] с.
_d20х13 см
700 1 _aВышинский
_bА.Я.
_f1883-1954
_gАндрей Януариевич
801 0 _aRU
_bNLR
_gpsbo
801 1 _aRU
_bELAR
_2rusmarc
852 _aNLR
_j37-10/4772
942 _cBOOK
980 _aNB